Nursing delegation and management of patient care / (Record no. 358338)
[ view plain ]
| 000 -LEADER | |
|---|---|
| fixed length control field | 00492nam a2200145Ia 4500 |
| 008 - FIXED-LENGTH DATA ELEMENTS--GENERAL INFORMATION | |
| fixed length control field | 180815s9999 xx 000 0 und d |
| 020 ## - INTERNATIONAL STANDARD BOOK NUMBER | |
| International Standard Book Number | 9780929921099 |
| 100 ## - MAIN ENTRY--PERSONAL NAME | |
| Personal name | Motacki, Kathleen. |
| 245 ## - TITLE STATEMENT | |
| Statement of responsibility, etc | Kathleen Motacki, Kathleen Burke.-- |
| Title | Nursing delegation and management of patient care / |
| 250 ## - EDITION STATEMENT | |
| Edition statement | 2nd ed |
| 260 ## - PUBLICATION, DISTRIBUTION, ETC. (IMPRINT) | |
| Place of publication, distribution, etc | St. Louis, Missouri : |
| Name of publisher, distributor, etc | Elsevier |
| Date of publication, distribution, etc | 2017 |
| 300 ## - PHYSICAL DESCRIPTION | |
| Extent | viii, 319 pages. |
| 650 ## - SUBJECT ADDED ENTRY--TOPICAL TERM | |
| Topical term or geographic name as entry element | MESH : nursing care. |
| 650 ## - SUBJECT ADDED ENTRY--TOPICAL TERM | |
| Topical term or geographic name as entry element | Nursing care -- organization and administration. |
| Withdrawn status | Lost status | Damaged status | Home library | Current library | Shelving location | Date acquired | Source of acquisition | Total Checkouts | Full call number | Barcode | Date last seen | Price effective from | Koha item type |
|---|---|---|---|---|---|---|---|---|---|---|---|---|---|
| College Library | College Library | Reserve Section | 08/15/2018 | Library Fund | RT 89 .M917 2017 | C21595 | 08/15/2018 | 08/15/2018 | Books |